Une lettre suffit pour répondre juste #29 (attention 10 lettres tuent) - Statistiques

Statistiques générales
  • Ce quiz a été pris 70 fois
  • Le résultat moyen est 2 sur 6
Statistiques - réponses
Hint Réponse % Correct
Donne une des 5 lettres du prénom du ballon d'or 2003 (qui marque dans cet extrait)
PAVEL
98%
Donne une des 4 lettres qui complète le nom des extraterrestres humanoïdes fictifs en francais en image présents dans la littérature de science-fiction contemporaine mais aussi dans la littérature ufologique rapportant des allégations d'enlèvements : Petit-????
GRIS
55%
Donne une des 3 lettres qui complète une chanson de Queen de 1979 Tonight I'm gonna have myself a real good time I feel alive And the world, I'll turn it inside out, yeah I'm floating around in ecstasy, so Don't stop me _ _ _ NOW
55%
Donne une des 2 lettres des initiales (1er lettre du prénom ou nom) de cet acteur américain au milieu dans cet extrait
JH (Jonah Hill)
18%
Donne la lettre qui désigne le permis de conduire des véhicules légers en Europe B
16%
Donne la lettre qui désigne la vitamine hydrosoluble sensible à la chaleur et à la lumière jouant un rôle important dans le métabolisme de l'être humain et de nombreux autres mammifères. Chimiquement parlant, il s'agit de l'acide L-ascorbique. Vitamine ? C
5%
Aucun quiz correspondant
Distribution des résultats
% des personnes avec chaque résultat
Percentile par nombre de réponses
Votre historique - résultats
Vous n’avez pas pris ce quiz